Verpackung Schveizerische Fachzeitschrift für Verpackungstechnologie, Package Design
Gespeichert in:
| Format: | Schriftenreihe |
|---|---|
| Sprache: | Deutsch |
| Veröffentlicht: |
Küsnacht
SHZ Fachverlag AG
|
| Schlagworte: | |
| Tags: |
Keine Tags, Fügen Sie das erste Tag hinzu!
|
MARC
| LEADER | 00000nas1a22000001 4500 | ||
|---|---|---|---|
| 001 | s120475 | ||
| 005 | 20060124102517.5 | ||
| 041 | 0 | |a ger | |
| 044 | |a CH | ||
| 245 | 1 | 0 | |a Verpackung |b Schveizerische Fachzeitschrift für Verpackungstechnologie, Package Design |
| 264 | 1 | |a Küsnacht |b SHZ Fachverlag AG | |
| 610 | 2 | 0 | |a balenie |
| 610 | 2 | 0 | |a marketing |
| 610 | 2 | 0 | |a technika obalová |
| 610 | 2 | 0 | |a dizajn |